000 00464nam a2200205Ia 4500
003 OSt
005 20230403145114.0
008 210423s2010 xx 000 0 und d
020 _a9780415487405
040 _cAL
041 _aeng
082 _a370 RUSB
100 _aRUSSELL (Bertrand).
_982679
245 _aOn education.
260 _aLondon
_bRoutledge
_c2010
300 _ax,201
_bPB
365 _b250
_cINR
906 _aeducation.
942 _2ddc
_cBK
999 _c158003
_d158003